000
00244nam a22001217a 4500
008
170816b xxu||||| |||| 00| 0 eng d
041
_a
eng
080
_a
51
100
_a
36
101
_a
MATH
245
_a
MATH 135
_c
EWEN,D
942
_2
udc
_c
BK
999
_c
23734
_d
23734